RICS housing market survey Great Britain (Record no. 104782)

MARC details
000 -LEADER
fixed length control field 01458cam a2200217 4500
001 - CONTROL NUMBER
control field ##L131563
008 - FIXED-LENGTH DATA ELEMENTS--GENERAL INFORMATION
fixed length control field 051116n2005 000 0 eng u
035 ## - SYSTEM CONTROL NUMBER
System control number (Sirsi) u131563
041 0# - LANGUAGE CODE
Language code of text/sound track or separate title eng
050 04 - LIBRARY OF CONGRESS CALL NUMBER
Classification number 333.33 $2 18
110 1# - MAIN ENTRY--CORPORATE NAME
Corporate name or jurisdiction name as entry element Royal Institution of Chartered Surveyors
Subordinate unit Public Affairs
9 (RLIN) 4679
245 00 - TITLE STATEMENT
Title RICS housing market survey Great Britain
Remainder of title October 2005
260 ## - PUBLICATION, DISTRIBUTION, ETC.
Place of publication, distribution, etc. London
Name of publisher, distributor, etc. RICS
Date of publication, distribution, etc. 2005
490 #0 - SERIES STATEMENT
Series statement RICS Housing Market Survey Great Britain
Volume/sequential designation October 2005
520 ## - SUMMARY, ETC.
Summary, etc. Notes that house prices slipped back again in October although the decline was slight and the slowest in 15 months. New buyer enquiries in October increased for the fourth consecutive month, the largest rise for almost two years. Demand conditions have been helped by the August interest rate cut and rising employment. Market conditions are only gradually tightening with a modest recovery in sales activity. Completed sales have risen almost 8% from their low in February 2005 but are still down from year ago levels. Available property on surveyors' books has also fallen, down 4% in the past three months. Surveyors predict modest rises in seven regions.
590 ## - LOCAL NOTE (RLIN)
Local note IKA221105
650 24 - SUBJECT ADDED ENTRY--TOPICAL TERM
Topical term or geographic name entry element RICS HOUSING MARKET SURVEY GREAT BRITAIN
690 ## - LOCAL SUBJECT ADDED ENTRY--TOPICAL TERM (OCLC, RLIN)
Topical term or geographic name as entry element PROPERTY-RESIDENTIAL PROPERTY-RESIDENTIAL PROPERTY MARKET
856 40 - ELECTRONIC LOCATION AND ACCESS
Uniform Resource Identifier <a href="https://www.rics.org/site/scripts/download_info.aspx?downloadID=1276">https://www.rics.org/site/scripts/download_info.aspx?downloadID=1276</a>
Public note View the survey of free of charge at www.rics.org...
942 ## - ADDED ENTRY ELEMENTS (KOHA)
Suppress in OPAC 0
Holdings
Withdrawn status Lost status Source of classification or shelving scheme Damaged status Not for loan Home library Current library Shelving location Date acquired Total Checkouts Full call number Barcode Date last seen Copy number Price effective from Koha item type
    Dewey Decimal Classification     Virtual Virtual Online 16/11/2005   ONLINE PUBLICATION 131563-2001 06/08/2019 1 06/08/2019 Book